LEADER 00980nam a2200265 i 4500 001 000000248381 003 CaOOAMICUS 005 20160317000000.0 008 160317s1980 it u000 u ita u 013 $a227286 040 $aSeMil$bita 100 1 $aIncisa di Camerana, Ludovico <1927-2013>.$0(OLS)http://semarc/name/42000 245 10$aItalia senza eroi /$cLudovico Garruccio. 260 $aMilano :$bRusconi,$c1980. 300 $a268 p. ;$c19 cm. 490 0 $aProblemi attuali 500 $aFondo Card. C.M. Martini. 650 4$aItalia - Storia - Sec. 20.$0(OLS)http://semarc/subject/254 830 0$aProblemi attuali.$0(OLS)http://semarc/title/7307 850 $aSeMil 852 $aSeMil$W1$xVenegono$y1$m1D II 197/B$j198727$B198727$CSeMilBibl$Z2$F209859 $81 941 1 $a4 961 $aOmaggio: Martini Card. Carlo Maria 996 $6245$aItalia senza eroi$9(OLS)http://semarc/title/142086 996 $6260$aMilano :$bRusconi$9(OLS)http://semarc/publisher/30258 LEADER 00966nam a2200217 i 4500 001 000000193975 003 CaOOAMICUS 005 20101102000000.0 008 101102s1942 it u000 u ita u 013 $a172620 040 $aSeMil$bita 100 1 $aDurante, Antonio.$0(OLS)http://semarc/name/66310 245 10$aMonsignor Salvatore Magnasco, Arcivescovo di Genova :$b1806-1892 /$cD. Antonio Durante ; con prefazione di S. E. il Card. Pietro Boetto. 260 $aMilano :$bÀncora,$c1942. 300 $a438 p., [14] p. di tav. ;$c21 cm. 500 $aContiene : Bibliografia ; Appendici. 700 1 $aBoetto, Pietro,$c.$0(OLS)http://semarc/name/93781 850 $aSeMil 852 $aSeMil$W1$xVenegono$y1$m3J III 122$j144549$B144549$CSeMilBibl$Z2$F155840 $81 996 $6245$aMonsignor Salvatore Magnasco, Arcivescovo di Genova :$b1806-1892$9(OLS)http://semarc/title/279632 996 $6260$aMilano :$bÀncora$9(OLS)http://semarc/publisher/29763